Loading...

Critics on Charlotte and Emily Bronte /

Bibliographic Details
Other Authors: O'Neill, Judith (Editor)
Format: Printed Book
Language:English
Published: George Allen & Unwin, 1968.
Subjects:
LEADER 00504nam a2200133Ia 4500
008 150623b xxu||||| |||| 00| 1 eng d
082 |a 823.7B109 
245 |a Critics on Charlotte and Emily Bronte /  |c edited by Judith O'Neill 
260 |b George Allen & Unwin,  |c 1968. 
650 |v Fiction 
700 |a O'Neill, Judith  |e editor. 
942 |c BK 
999 |c 4218  |d 4218 
952 |0 0  |1 0  |4 0  |6 823_000000000000000_7B109_ONE_C  |7 0  |9 4217  |a UL  |b UL  |c ST1  |d 1998-09-24  |l 15  |m 3  |o 823.7B109 ONE/C  |p 7941  |r 2018-08-02  |s 2018-08-02  |w 2012-10-27  |y BK